00677nam a22002057a 450000500170000001000150001702000260003203500140005803700090007208200120008110000240009324500450011725000060016226000310016827000470019930000220024694200260026899900190029495201580031320250710162609.0 aENG-145912 a9788195328864c895.00 aEN-129444 bDBAD a338.954 aJaspal Singh982911 aThe Economy of South Asia/cJaspal Singh a1 aKolkatabSahityalokec2021 a57 A, Karbala Tank Lane, bKolkatae700006 a263p. c22cm (Hb) 2ddccENmJASh338.954 c212329d212329 001040708NFICaZLSbZLSd2025-07-10eDelivery of Books Act Divisiong895.00l0oJAS 338.954pEN-129444r2025-07-10 00:00:00t1v895.00w2025-07-10yEN